Ласкаво просимо в "Сигнал" [-дит. санатор.-оздоров. коплекс с.Олександрія Рівнен. р-ну] (Запис № 301632)

МАРК-запис
000 -Лідер
fixed length control field 00581nam a22001697a 4500
003 - Ідентифікатор контрольного номера
control field UA-OsUOA
001 - Контрольний номер
control field 15467
007 - Фіксоване поле фізичного опису
fixed length control field ta
008 - Елементи даних фіксованої довжини – загальна інформація
fixed length control field 20031111b un ||||| |||| 00| 0 ukr d
040 ## - Джерело каталогізації
Агенція оригінальної каталогізації UA-OsUOA
Агенція, яка здійснювала перезапис UA-OsUOA
Агенція, яка здійснювала модифікацію UA-OsUOA
245 ## - Відомості про назву
Назва (НП) Ласкаво просимо в "Сигнал" [-дит. санатор.-оздоров. коплекс с.Олександрія Рівнен. р-ну]
300 ## - Фізичний опис
Обсяг С.2
650 #7 - Додаткове предметне введення – тематичний термін
Тематичний термін чи географічна назва, як елемент введення (НП) Краєзнавча робота
Джерело заголовка чи терміна UDC
773 0# - Введення хост-одиниці (П)
Контрольний номер запису (П) 0
Назва (НП) За відродження
Місце, видавець та дата видання (НП) Рівне
-- 2003
Інформація про взаємозв’язок (П) №29/18 лип./
942 ## - Додаткові елементи входу (Коха)
Тип елемента Koha Стаття періодики
955 ## - Код типу видання за змістом
Код типу видання за змістом (НП) інше

Немає доступних примірників.